Čo sa skrýva za pokrokom v rokovaniach s Iránom?

Situácia okolo Iránu už desaťročia predstavuje jeden z vážnych zdrojov napätia na Blízkom východe a zároveň aj zdrojom rozličných sporov a destabilizácie svetovej politiky. Problém má dlhšie časové súvislosti a dotýka sa aj širšieho priestoru.

Salvato in:
Dettagli Bibliografici
Autore principale: Škvrnda, František
Natura: Capitolo di libro
Lingua:slovacco
Soggetti:
Tags: Aggiungi Tag
Nessun Tag, puoi essere il primo ad aggiungerne!!

MARC

LEADER 00000naa a2200000 4500
001 0206660
005 20240502073431.3
041 0 |a slo 
044 |a SK 
245 1 0 |a Čo sa skrýva za pokrokom v rokovaniach s Iránom?  |c František Škvrnda 
520 |a Situácia okolo Iránu už desaťročia predstavuje jeden z vážnych zdrojov napätia na Blízkom východe a zároveň aj zdrojom rozličných sporov a destabilizácie svetovej politiky. Problém má dlhšie časové súvislosti a dotýka sa aj širšieho priestoru. 
610 2 0 |a vzťahy medzinárodné 
610 2 0 |a politika medzinárodná 
610 2 0 |a zbrane 
610 2 0 |a zbrojenie 
610 2 0 |a regióny 
610 2 0 |a Irán 
610 2 0 |a USA 
100 1 |a Škvrnda, František